00325nam a2200109Ia 4500008004100000082002000041100002200061245001600083260004400099630001800143650005400161211109s9999||||xx |||||||||||||| ||und|| a894.8121bSAN-V aSankrakurup [g],  0aVanagayakan bChandra PressaThiruvananthapuramc1922 xGeneral Stack aMalayalam PoetryvMalayalam LiteraturexGeneralia